000 00347nam a2200121Ia 4500
008 220620s9999||||xx |||||||||||||| ||und||
245 0 _aPolymer Science
546 _aEnglish[eng]
650 _aPolymer chemistry
700 _aYılmaz, Faris
856 _uhttps://mts.intechopen.com/storage/books/2384/authors_book/authors_book.pdf
942 _cEB
999 _c24352
_d24352